Loading...
| RR | 1 | 4 | 0 | 0 | 55 | 62 | 97.00 | 1 | 4 | 0.00 | 0.00 |
| BB | 0 | 5 | 2 | 1 | 40 | 84 | 96.00 | 1 | 5 | 0.00 | 0.00 |
| MB | 0 | 3 | 1 | 0 | 25 | 119 | 120.00 | 0 | 1 | 0.00 | 0.00 |
| TR | 1 | 1 | 1 | 0 | 20 | 56 | 61.50 | 1 | 2 | 0.00 | 0.00 |
| AR | 0 | 2 | 1 | 0 | 15 | 98 | 100.50 | 1 | 2 | 0.00 | 0.00 |
| 0 | 1 | 0 | 1 | 10 | 133 | 133.00 | 0 | 0 | 0.00 | 0.00 | |
| AW> | 0 | 1 | 0 | 0 | 10 | 142 | 142.00 | 0 | 1 | 0.00 | 0.00 |
| RC | 0 | 2 | 2 | 0 | 10 | 78 | 80.00 | 2 | 2 | 0.00 | 0.00 |
| RC> | 0 | 1 | 0 | 0 | 10 | 117 | 117.00 | 0 | 1 | 0.00 | 0.00 |
| AG | 1 | 1 | 3 | 1 | 10 | 59 | 107.00 | 1 | 1 | 0.00 | 0.00 |
| DM | 0 | 1 | 1 | 1 | 5 | 108 | 108.00 | 0 | 1 | 0.00 | 0.00 |
| AWD | 0 | 0 | 0 | 0 | 0 | 0.00 | 0 | 0 | 0.00 | 0.00 |
| AR | Antonio Vivaldi | -5 | 40 |
| DM | smoking bans | -5 | 51 |
| TR | oil | 15 | 56 |
| AG | burning of the Temple of Artemis at Ephesus | 15 | 59 |
| RR | Elinor Ostrom | 15 | 62 |
| RC | Stephen Crane | -5 | 63 |
| TR | Daniel Ellsberg | 10 | 67 |
| BB | cones | -5 | 70 |
| RC | scorpions | 10 | 78 |
| RC | Lucy poems | -5 | 79 |